| 000 | 00395 a2200133 4500 | ||
|---|---|---|---|
| 001 | 93278 | ||
| 082 | _aPR 2615 | ||
| 090 |
_c44793 _d44794 |
||
| 100 | _aFarzan Ud Din Prof Irfan Shahid and Dr Shoaib Arif (Advisors) | ||
| 245 |
_aDesign and Development of Passive Frequency Multiplier Antenna _n79'B' EC |
||
| 260 |
_aIslamabad _bNUST _c2015 |
||
| 300 | _axi,45p. | ||
| 500 | _aBE Project Report | ||
| 942 |
_aCAE NUST _kPR 2615 |
||
| 999 |
_c328351 _d328351 |
||